| 000 | 00567nam a22001577a 4500 | ||
|---|---|---|---|
| 082 | _aBEE-5 SAR | ||
| 100 | _aMuhammad Sarmad Saeed | Moeez Akmal | Hareem Shafi | ||
| 245 | _aOptimizing thermal and resource management algorithms of multi-core architectures | ||
| 260 |
_aIslamabad _bNUST-SEECS _c2017 |
||
| 300 |
_a22p. _eCD Includes |
||
| 563 | _aHB | ||
| 856 | _uhttp://10.250.8.41:8080/xmlui/handle/123456789/22018 | ||
| 942 |
_2ddc _cTHE |
||
| 999 |
_c331530 _d331530 |
||